|
|
|
|
| LEADER |
02310nam a2200589 i 4500 |
| 001 |
nkc20213353019 |
| 003 |
CZ PrNK |
| 005 |
20220401111707.0 |
| 007 |
ta |
| 008 |
210920s2021 xr acfhf 001 0 cze |
| 015 |
|
|
|a cnb003353019
|
| 020 |
|
|
|a 978-80-7649-030-7
|q (vázáno)
|z 978-807649030-7
|
| 035 |
|
|
|a (OCoLC)1310112808
|
| 040 |
|
|
|a ABA001
|b cze
|d OLA001
|e rda
|
| 041 |
0 |
|
|a cze
|b ger
|
| 043 |
|
|
|a e-xr---
|b e-xr-pg
|2 czenas
|
| 045 |
|
|
|a t-u-
|
| 072 |
|
7 |
|a 352/354
|x Stupně místní, oblastní a ústřední správy
|2 Konspekt
|9 15
|
| 080 |
|
|
|a 334.782-057.17
|2 MRF
|
| 080 |
|
|
|a 334.782
|2 MRF
|
| 080 |
|
|
|a 352
|2 MRF
|
| 080 |
|
|
|a (437.311)
|2 MRF
|
| 080 |
|
|
|a (048.8)
|2 MRF
|
| 100 |
1 |
|
|a Smrž, Jiří,
|d 1990-
|7 pna20191055579
|4 aut
|
| 245 |
1 |
0 |
|a Podíl cechmistrů na správě pražských měst v raném novověku /
|c Jiří Smrž
|
| 250 |
|
|
|a Vydání první
|
| 264 |
|
1 |
|a Dolní Břežany :
|b Scriptorium,
|c 2021
|
| 300 |
|
|
|a 169 stran, 16 nečíslovaných stran obrazových příloh :
|b barevné ilustrace, portréty, faksimile ;
|c 25 cm
|
| 336 |
|
|
|a text
|b txt
|2 rdacontent
|
| 337 |
|
|
|a bez média
|b n
|2 rdamedia
|
| 338 |
|
|
|a svazek
|b nc
|2 rdacarrier
|
| 500 |
|
|
|a 250 výtisků
|
| 504 |
|
|
|a Obsahuje bibliografii, bibliografické odkazy a rejstřík
|
| 546 |
|
|
|a Německé resumé
|
| 648 |
|
7 |
|a 16.-17. století
|7 ch757028
|2 czenas
|
| 650 |
0 |
7 |
|a cechmistři
|7 ph1126287
|z Česko
|y 16.-17. století
|2 czenas
|
| 650 |
0 |
7 |
|a cechy
|7 ph119086
|z Česko
|y 16.-17. století
|2 czenas
|
| 650 |
0 |
7 |
|a městská správa
|7 ph123100
|z Česko
|y 16.-17. století
|2 czenas
|
| 650 |
0 |
7 |
|a městské úřady
|7 ph123112
|z Česko
|y 16.-17. století
|2 czenas
|
| 650 |
0 |
9 |
|a masters of a guild
|z Czechia
|y 16th-17th centuries
|2 eczenas
|
| 650 |
0 |
9 |
|a guilds
|z Czechia
|y 16th-17th centuries
|2 eczenas
|
| 650 |
0 |
9 |
|a municipal government
|z Czechia
|y 16th-17th centuries
|2 eczenas
|
| 650 |
0 |
9 |
|a municipal offices
|z Czechia
|y 16th-17th centuries
|2 eczenas
|
| 651 |
|
7 |
|a Praha (Česko)
|7 ge118011
|2 czenas
|
| 651 |
|
9 |
|a Prague (Czechia)
|2 eczenas
|
| 655 |
|
7 |
|a monografie
|7 fd132842
|2 czenas
|
| 655 |
|
9 |
|a monographs
|2 eczenas
|
| 910 |
2 |
|
|a BOA001
|b 2-1482.407
|
| 990 |
|
|
|a BK
|
| 995 |
|
|
|a 01
|
| 991 |
|
|
|b 202203
|c NOV
|
| 996 |
6 |
|
|b 2610895012
|c 2-1482.407
|l MZK
|r Sklad / do 1 hodiny
|n 0
|p p.v.
|w 001878272
|u 000010
|a 1
|e BOA001
|j MZK50
|s P
|